00574pam a2200181 a 4500020001500000020003500015040000800050082002700058100002300085245004200108250001200150260003900162300004700201500009300248650001300341650001500354700002300369 a0256118841 a0256156107 (International ed.) cDLC00a658 IRW 1994 A047 Or. 1 aO'Brien, James A.,10aIntroduction to information systems / a7th ed. aBurr Ridge, Ill. :bIrwin,cc1994. axxii, 483, 19, 8 p. :bcol. ill. ;c27 cm. aRev. ed. of : Introduction to information systems in business management. 6th ed. c1991. 0aBusiness 0aManagement1 aO'Brien, James A.,